• 首页
  • 本馆介绍
  • 公告通知
  • 最新文献
  • 馆藏检索
  • 电子资源
  • 读者导购
  • 参考咨询
  • 我的图书馆
  • 登录
  • 详细信息显示
  • 放入我的书架
  • 预约/预借图书
  • 作者相关作品
  • 分类相关作品
  • 丛书相关作品
  • 出版社相关作品

书目信息

  • 表格格式
  • 工作单格式
  • 卡片格式
题名:
太平广记选
    
 
作者: 王汝涛 选注
分册: 下  
出版信息: 济南   齐鲁书社  1980
页数: 628页
开本: 19cm
丛书名:
单 册:
中图分类: I242.1 , I242.7
科图分类:
主题词: 笔记小说--中国--北宋--选集 , 小说--中国
电子资源:
ISBN:
000 00700nam0 2200265 45
001 0180008501
005 20030105042755.6
010    @dCNY1.75
091    @a10206.42
100    @a19950525d1980 em y0chiy0121 ea
101 0  @achi
102    @aCN@b370000
105    @af z 000ay
106    @ar
200 10 @a太平广记选@h下@Atai ping guang ji xuan@f王汝涛等选注
210    @a济南@c齐鲁书社@d1980
215    @a628页@c图@d19cm
606    @a笔记小说@y中国@z北宋@x选集
606 0  @a小说@x中国
690    @aI242.1@v3
690    @aI242.7
701  0 @a王汝涛@Awang ru tao@4选注
801  0 @aCN@b上海图书馆@c20030105
801  2 @aCN@bNLC@c20030105
905    @f1@b111177@f1@b111179@dI242.7@e11:2
    
    太平广记选.下/王汝涛等选注.-济南:齐鲁书社,1980
    628页:图;19cm
    
    
    ISBN :CNY1.75
    
●
相关链接 在E读中查询图书 在五车中查询图书 在当当中查询图书 在豆瓣中查询图书


正题名:太平广记选     索取号:I242.7/11:2         预约/预借

序号 登录号 条形码 馆藏地/架位号 状态 备注
1 0111177   000105870   第二借阅区/ [索取号:I242.7/11:2] 在馆    
2 0111178   001612491   密集书库/ [索取号:I242.7/11:2] 在馆    
3 0111179   000105861   密集书库/ [索取号:I242.7/11:2] 在馆    
4 0111180   001612507   密集书库/ [索取号:I242.7/11:2] 在馆    
5 0111181   000105852   第一样本阅览室/ [索取号:I242.7/11:2] 在馆    
唐山师范学院图书馆 欢迎您!
大连网信软件有限公司© 版权所有